|
|
|
|
| LEADER |
00000nam0a2200000 4500 |
| 001 |
314522 |
| 005 |
20231102002703.0 |
| 035 |
|
|
|a (RuTPU)RU\TPU\book\339943
|
| 090 |
|
|
|a 314522
|
| 100 |
|
|
|a 20160216d1963 k y0rusy50 ca
|
| 101 |
0 |
|
|a rus
|
| 102 |
|
|
|a RU
|
| 105 |
|
|
|a a z 001zy
|
| 200 |
1 |
|
|a Реактивные топлива
|f Н. А. Рагозин
|
| 205 |
|
|
|a 2-е изд., перераб. и доп.
|
| 210 |
|
|
|a Москва
|c Гостоптехиздат
|d 1963
|
| 215 |
|
|
|a 166 с.
|c ил.
|
| 320 |
|
|
|a Библиогр.: с. 163-164.
|
| 606 |
1 |
|
|a Реактивное топливо
|x Эксплуатационные качества
|2 stltpush
|3 (RuTPU)RU\TPU\subj\34329
|9 56303
|
| 610 |
1 |
|
|a получение
|
| 610 |
1 |
|
|a смесеобразование
|
| 610 |
1 |
|
|a воспламенение
|
| 610 |
1 |
|
|a теплообмен
|
| 610 |
1 |
|
|a смолистые вещества
|
| 610 |
1 |
|
|a закупорка
|
| 610 |
1 |
|
|a обводнение
|
| 610 |
1 |
|
|a гигроскопичность
|
| 610 |
1 |
|
|a электрические свойства
|
| 610 |
1 |
|
|a качество
|
| 675 |
|
|
|a 665.75
|v 3
|
| 700 |
|
1 |
|a Рагозин
|b Н. А.
|g Никандр Андреевич
|
| 801 |
|
1 |
|a RU
|b 63413507
|c 20160216
|
| 801 |
|
2 |
|a RU
|b 63413507
|c 20160217
|g RCR
|
| 942 |
|
|
|c BK
|